Responses for Show #8425 - Friday, June 18, 2021

Champion's winnings & consolation amounts matched to The Bowery Mission.

Contestants

[<< previous game]

Elaine Filadelfo, a data researcher from Washington, D.C.

Trenton Woodley, a law student and freelance politico from Memphis, Tennessee

Emily White, a public relations specialist from Wilmington, Delaware (whose 1-day cash winnings total $28,600)

[next game >>]

Jeopardy! Round responses

6 CHARACTERS IN SEARCH OF THEIR NOVEL
STOCK: MARKETS
CINEMAPOURRI
SCAVENGERS ASSEMBLE!
AGE
BEFORE BEAUTY
(Savannah: The correct response comes shortly before the word "beauty" in the dictionary.)
    $200 11
Wuthering Heights

Emily
    $200 19
Costco

Trenton
    $200 2
Rocky

Trenton
    $200 28
feathers

Emily
    $200 16
Tom Brady

Elaine
    $200 1
beaker

Elaine
    $400 12
(Trenton: What is Percy Jackson and the Olympians [*]?)

The Lightning Thief

Trenton
    $400 20
Kroger

Trenton
    $400 3
The Ten Commandments

Emily
    $400 27
great white sharks

Triple Stumper
    $400 17
(Emily: What are elms?)

aspens

Emily
Triple Stumper
    $400 7
(Savannah: I don't know if they like that term, but there you go.)
[Laughter]

a bean-counter

Triple Stumper
    $600 23
Dracula

Emily
    $600 13
(Trenton: What is Zappos?)

Walmart

Trenton
Triple Stumper
    $600 4
Beauty and the Beast

Triple Stumper
    $600 26
a bottom-feeder

Elaine
    $600 14
Whitey Bulger

Emily
    $600 8
a beatnik

Emily
    $800 24
(Savannah: The response had more words than the clue.)

Crime and Punishment

Elaine
    $800 22
Whole Foods

Elaine
    $800 5
(Elaine: What is The Big Sleep?)

The African Queen

TrentonElaine
    $800 29
raccoons

Emily
    $2,600 15
Portugal

Emily
    $800 9
beaucoup

Emily
    $1000 25
Native Son

Trenton
    $1000 21
London

Emily
    $1000 6
Edith Head

Elaine
    $1000 30
Tasmanian devils

Trenton
    $1000 18
Olduvai Gorge

Triple Stumper
    $1000 10
Beaufort

Elaine

Scores at the first commercial break (after clue 15):

Emily Trenton Elaine
$5,200 $800 $1,400

Scores at the end of the Jeopardy! Round:

Emily Trenton Elaine
$7,400 $3,400 $3,800

Double Jeopardy! Round responses

A SPENDY LITTLE WAR
A TALE OF 2 GEORGIAS
BIBLICAL ART
CLOTH & FABRIC
DRAMA SERIES WRITING EMMYS
GIVING CONSONANT ATTENTION
(Savannah: We're gonna give just the consonants of a word but we'll define it for you.)
    $400 1
Mexico

Elaine
    $400 18
(Trenton: What is the Caspian Sea?)

the Black Sea

EmilyTrenton
    $400 28
(Emily: What is Eden?)
[Savannah may have been ready to rule the initial response as correct just as Emily added to it.]

the Garden of Eden

Emily
    $400 12
(Trenton: What is twine?)

twill

EmilyTrenton
    $400 2
ER

Trenton
    $400 7
deciduous

Elaine
    $800 14
the Spanish-American War

Emily
    $800 19
a swamp

Trenton
    $800 27
Lazarus

Trenton
    $800 13
(Trenton: What is taffeta?)

crepe

Trenton
Triple Stumper
    $800 3
Succession

Elaine
    $800 8
Gaelic

Elaine
    $1200 15
(Trenton: What is Afghanistan?)

North Vietnam

EmilyTrenton
    $1200 22
Armenia

Elaine
    $1200 25
(Trenton: What is Ephesus?)
(Emily: What is Jerusalem?)

Damascus

EmilyTrenton
Triple Stumper
    $1200 23
burlap

Emily
    $1200 4
(David) Lynch

Elaine
    $1200 9
oeuvre

Triple Stumper
    $1600 16
Iran & Iraq

Emily
    $1,800 20
Tbilisi

Trenton
    $5,000 29
(Emily: [Sighs and shakes head] Uh, I'm sorry, I don't know.)

Marc Chagall

Emily
    $1600 24
alpaca

Trenton
    $1600 5
Homicide

Elaine
    $1600 10
ouzo

Emily
    $2000 17
the French and Indian War

Trenton
    $2000 21
the Caucasus

Trenton
    $2000 30
Ecce Homo

Emily
    $2000 26
lamé

Elaine
    $2000 6
(Trenton: What is Law & Order?)

NYPD Blue

TrentonElaine
    $2000 11
obsequious

Elaine

Scores at the end of the Double Jeopardy! Round:

Emily Trenton Elaine
$10,800 $6,800 $16,200

[wagering suggestions for these scores]

Final Jeopardy! Round responses

FICTION
(Savannah: [To Emily] the Metamorphosis in which Gregor Samsa awakes one day as a giant insect.)
TrentonWho is?
$3,201
EmilyWho is Kafka?
$10,700
ElaineWho is Agatha Christie?
$5,401
(Franz) Kafka

Final scores:

Emily Trenton Elaine
$21,500 $3,599 $10,799
2-day champion: $50,100 3rd place: $1,000 2nd place: $2,000

Game dynamics:

Coryat scores:

Emily Trenton Elaine
$14,000 $6,600 $16,200
19 R
(including 1 DD),
3 W
(including 1 DD)
14 R
(including 1 DD),
7 W
17 R,
1 W

Combined Coryat: $36,800

[game clues] [game scores] [suggest correction]

Game tape date: 2021-03-23
The J! Archive is created by fans, for fans. Scraping, republication, monetization, and malicious use prohibited; this site may use cookies and collect identifying information. See terms. The Jeopardy! game show and all elements thereof, including but not limited to copyright and trademark thereto, are the property of Jeopardy Productions, Inc. and are protected under law. This website is not affiliated with, sponsored by, or operated by Jeopardy Productions, Inc. Join the discussion at JBoard.tv.